| 000 | 00841nam a2200241 a 4500 | ||
|---|---|---|---|
| 005 | 20140310183310.0 | ||
| 008 | 051012s19uu xx 00 eng d | ||
| 020 | _a1401810330 | ||
| 050 |
_aRC 630 _b.H36 2004 |
||
| 100 | _aKee, Joyce LeFever | ||
| 245 |
_aHandbooks of fluid, electrolyte, and acid-base imbalanaces / _cJoyce LeFever Kee, Betty J. Paulanka and Larry D. Purnell. |
||
| 250 | _a2nd ed. | ||
| 260 |
_aNew York : _bThomson Delmar Learning, _c2004. |
||
| 300 |
_axiv, 423 p. ; _bcol. ill. ; _c25 cm. |
||
| 521 | _aNUR | ||
| 650 |
_aBody fluid disorders _xHandbooks,manuals, etc. |
||
| 650 |
_aAcid-base imbalances _xHandbooks, manuals, etc. |
||
| 650 |
_aWater-electrolyte imbalances _xHanbooks, manuals, etc. |
||
| 700 | _aPaulanka, Betty J. | ||
| 700 | _aPurnell, Larry D. | ||
| 942 |
_cBK _2lcc _kFOR |
||
| 999 |
_c21129 _d21129 |
||